01429nam a2200289 i 4500001001300000003000900013005001700022008004100039020001800080040004300098041000800141082002900149245018900178264003800367264001000405300002100415490006400436520023600500655003800736700004100774700003800815700003700853700004300890942001300933999001900946952017400965000000183115IT-MiSPE20250327161706.0190429t2015 it b 00| 0dita d a9771826380362 aIT-MiSPEbitaerdacIT-MiSPEdIT-MiSPE1 aita a183.2-SOC vi (ppv 23412)10aSocrate :bvita, pensiero, testimonianze /cAlessandro Ravera (per la vita); Francesco Adorno (per il pensiero e la storia della critica); Gabriele Giannantoni (a cura di, per i testi) 1aMilano :bIl Sole 24 Ore,c[2006] 4cc2006 a581 p. ;c22 cm.1 aI Grandi Filosofi (opere scelte di Armando Massarenti);v01 aVita, pensiero e testimonianze. La vita, il glossario, le scede di approfondimento, la cronologia (testi di Alessandro Ravera). Pensiero e la storia della critica (testi di Francesco Adorno). Testi (a cura di Gabriele Giannantoni). aSocratesvFilosofia greca.962018 aMassarenti, Armandoecuratore962019 aRavera, Alessandroeautore962020 aAdorno, Francescoeautore962021 aGiannantoni, Gabrieleecuratore962022 2pusccBK c360474d360474 00102ddc406183_000000000000000_2SOC_VI_PPV_2341271aCINISELLObCINISELLOd2025-03-27l0o183.2-SOC vi (ppv 23412)p9771826380362r2025-03-27 16:15:02w2025-03-27yBK